Elementos de física y química con sugerencias para el empleo de los equipos experimentales enosa, phywe, imaf /
Guardado en:
| Autor Principal: | |
|---|---|
| Formato: | Libro |
| Publicado: |
Buenos Aires :
Stella,
1984
|
| Materias: | |
| Etiquetas: |
Agregar Etiqueta
Sin Etiquetas, Sea el primero en etiquetar este registro!
|
| LEADER | 00943nam a22002175a 4500 | ||
|---|---|---|---|
| 001 | CEM.cems017866 | ||
| 005 | 20121107112812.0 | ||
| 008 | 130507s1984##################000#0#####d | ||
| 003 | CEMS | ||
| 082 | 0 | 4 | |a 541 |
| 100 | 1 | |a Rivero, Francisco R. | |
| 245 | 1 | 0 | |a Elementos de física y química con sugerencias para el empleo de los equipos experimentales enosa, phywe, imaf / |c Francisco R. Rivero |
| 260 | |a Buenos Aires : |b Stella, |c 1984 | ||
| 300 | |a 273 p. | ||
| 500 | |a Para tercer año del Ciclo Básico y del Comercial | ||
| 505 | 0 | |a Mécanica -- Estudio de fuerzas -- Gravedad -- Peso de los cuerpos -- Máquinas simples -- Cinemática -- Dinámica -- Masa -- Trabajo mecánico -- Hidrostática -- Gases -- Calor -- Nociones sobre el calor -- Nociones de química -- Aire, agua y sus elementos | |
| 653 | |a Física | ||
| 653 | |a Química | ||
| 653 | |a Mecánica | ||
| 653 | |a Calor | ||
| 859 | |a CEMS |b BIB. CEMS - Agricultura |h 541 |i R524 |p A1629.12 |t Ej.1 | ||
